[Event "IECC O email"]
[Site "IECC email"]
[Date "2001.10.17"]
[Round "?"]
[White "Ekh, Joakim"]
[Black "Zuckerman, Michael"]
[Result "0-1"]
[WhiteElo "1232"]
[BlackElo "1184"]
[PlyCount "48"]
[EventDate "2001.??.??"]
[EventType "tourn (corr)"]
[EventRounds "6"]
[SourceTitle "Corr 2008"]
[Source "ChessBase"]
[SourceDate "2008.06.24"]
[SourceVersion "1"]
[SourceVersionDate "2008.06.24"]
[SourceQuality "1"]

1. e4 d5 2. Nc3 dxe4 3. Nxe4 a6 4. d3 Nc6 5. Bf4 e5 6. Bg5 Be7 7. c3 Bxg5 8. Nf3 Be7 9. Qa4 Bd7 10. Qb3 Be6 11. Qc2 f5 12. Ng3 f4 13. Ne4 Qd5 14. a3 0-0-0 15. Nfg5 Qb3 16. 0-0-0 Qxc2+ 17. Kxc2 Bd5 18. c4 Nd4+ 19. Kc3 h6 20. cxd5 Bxg5 21. Kc4 Nf6 22. g3 Nxd5 23. Bh3+ Kb8 24. gxf4 b5+ 0-1